000
00301cam a2200109ua 4500
082
_a
330.954
_b
KRI/IN
100
_a
Krishna Ayyer, S .
_9
1713
245
_a
Indiayude Sampathika Prasnangal /
260
_a
Thiruvananthapuram :
_b
State Instititute of Languages ,
_c
1975.
300
_a
517 ; .
942
_c
BK
999
_c
6235
_d
6235